000 00538cam a22002051 4500
001 sa 66000849
003 DLC
005 20260227112217.0
008 890420s1965 xx 000 0 hino
010 _asa 66000849
035 _a(OCoLC)23547282
040 _aDLC
_cMiU
_dDLC
042 _apremarc
050 0 0 _aHD37
_b.B26
100 1 _aBahuguṇā, Surendradatta.
245 1 0 _aVyāpārika tathā audyogika saṅgaṭhana evaṃ prabandha.
260 _c[1965]
300 _a16, 707 p.
_c23 cm.
650 0 _aIndustrial management
999 _c67448
_d67448